[Event "Kragujevac New Year"]
[Site "Kragujevac"]
[Date "2018.01.14"]
[Round "6"]
[White "Radovic, Luka"]
[Black "Jovic, Stanoje"]
[Result "1/2-1/2"]
[WhiteElo "2350"]
[BlackElo "2276"]
[PlyCount "95"]
[EventDate "2018.01.11"]
[EventType "tourn"]
[EventRounds "9"]
[EventCountry "SRB"]
[EventCategory "4"]
[SourceTitle "CBM 182 Extra"]
[Source "ChessBase"]
[SourceDate "2018.02.23"]
[SourceVersion "1"]
[SourceVersionDate "2018.02.23"]
[SourceQuality "1"]

1. Nf3 Nf6 2. g3 e6 3. Bg2 Be7 4. 0-0 0-0 5. d3 d5 6. Nbd2 c5 7. e4 Nc6 8. Re1 b5 9. e5 Nd7 10. Nf1 a5 11. h4 a4 12. h5 Bb7 13. N1h2 b4 14. h6 g6 15. Ng4 Nd4 16. Be3 Nxf3+ 17. Bxf3 Rb8 18. Bf4 d4 19. Nf6+ Nxf6 20. exf6 Bd6 21. Bg5 Qc7 22. Kg2 Rfd8 23. Be4 Bxe4+ 24. Rxe4 Qc6 25. Qg4 Qd5 26. b3 Bc7 27. Rae1 Rb6 28. Bf4 Qc6 29. Bxc7 Qxc7 30. Re5 Rbd6 31. Qe4 Qc6 32. Qxc6 Rxc6 33. f4 a3 34. g4 Kf8 35. Kf3 Ke8 36. f5 Kd7 37. Kf4 Re8 38. R1e2 Rf8 39. Kg5 gxf5 40. gxf5 Rg8+ 41. Kf4 Rg1 42. Re1 Rg2 43. R5e2 Rg8 44. Rh1 Kd6 45. Rhh2 Rg1 46. Rhg2 e5+ 47. Ke4 Rf1 48. Ref2 1/2-1/2

[Event "SRB-chT 1st League"]
[Site "Banja Vrujci"]
[Date "2017.09.24"]
[Round "11.2"]
[White "Jesic, Dusan"]
[Black "Radovic, Luka"]
[Result "0-1"]
[WhiteElo "2331"]
[BlackElo "2279"]
[PlyCount "112"]
[EventDate "2017.09.16"]
[EventType "team"]
[EventRounds "11"]
[EventCountry "SRB"]
[SourceTitle "EXT 2018"]
[Source "ChessBase"]
[SourceDate "2017.10.13"]
[SourceVersion "1"]
[SourceVersionDate "2017.10.13"]
[SourceQuality "1"]
[WhiteTeam "Sabac"]
[BlackTeam "Kragujevac Radnicki"]
[WhiteTeamCountry "SRB"]
[BlackTeamCountry "SRB"]

1. e4 c5 2. Nf3 d6 3. c3 Nf6 4. Bd3 Nc6 5. h3 d5 6. exd5 Qxd5 7. Qe2 Bf5 8. Bxf5 Qxf5 9. 0-0 e6 10. Na3 Be7 11. Nc4 0-0 12. d3 Rfd8 13. Rd1 Nd5 14. a4 Bf6 15. Kf1 Bxc3 16. bxc3 Nxc3 17. Qc2 Nxd1 18. Qxd1 Rxd3 19. Qe2 Rad8 20. Ne1 Rb3 21. Be3 Nd4 22. Qa2 Qd5 23. Rc1 Rb4 24. Bxd4 Qxd4 25. Nf3 Qf4 26. Rc3 Rd1+ 27. Ke2 Rc1 28. Rd3 h6 29. Ne3 Qf6 30. Rd2 e5 31. Rc2 e4 32. Nd2 Qa6+ 33. Nec4 Rxa4 34. Qb3 Rxc2 35. Qxc2 b5 36. Ne3 Qc6 37. Nf5 Kf8 38. Qc3 f6 39. Qg3 Qd7 40. Qb8+ Kf7 41. Nd6+ Kg6 42. N6xe4 Rd4 43. Qg3+ Kh7 44. Qe3 c4 45. Nc5 Qd5 46. Nf3 Rd1 47. Qe7 Ra1 48. Ke3 Rd1 49. Ne4 Qf5 50. Ke2 Rb1 51. Nfd2 Rb2 52. Ke3 Qe5 53. Qxe5 fxe5 54. Nf3 a5 55. Nxe5 a4 56. Nc3 a3 0-1